[Event "Platja d'Aro op 9th"]
[Site "Platja d'Aro"]
[Date "2022.12.30"]
[Round "8"]
[White "Foix Breto, Antoni"]
[Black "Vinolas Puig, Joan"]
[Result "1/2-1/2"]
[WhiteElo "1534"]
[BlackElo "1506"]
[PlyCount "122"]
[EventDate "2022.12.26"]
[EventType "swiss"]
[EventRounds "9"]
[EventCountry "ESP"]
[SourceTitle "CBM 211 Extra"]
[Source "ChessBase"]
[SourceDate "2023.01.31"]
[SourceVersion "1"]
[SourceVersionDate "2023.01.31"]
[SourceQuality "1"]

1. e4 c6 2. d4 d5 3. Nc3 dxe4 4. Nxe4 Nf6 5. Nxf6+ exf6 6. Nf3 Bd6 7. Bd3 0-0 8. 0-0 a5 9. c4 Bg4 10. h3 Bxf3 11. Qxf3 Na6 12. a3 Re8 13. Bd2 Qd7 14. Bxa5 Nc7 15. Bc3 Rad8 16. Bf5 Qe7 17. Rfe1 Qf8 18. Rxe8 Rxe8 19. b4 g6 20. Bd3 f5 21. Bd2 Qg7 22. Bc3 Ne6 23. Re1 Rd8 24. Bc2 Nxd4 25. Bxd4 Qxd4 26. c5 Bf8 27. Rd1 Qf6 28. a4 Rxd1+ 29. Qxd1 Qc3 30. Qb1 f4 31. Be4 Bg7 32. Kf1 Qa3 33. b5 Qxc5 34. bxc6 bxc6 35. Qc2 Qxc2 36. Bxc2 Bc3 37. Ke2 c5 38. Kd3 Bd4 39. f3 Kf8 40. a5 Be3 41. a6 c4+ 42. Kxc4 Ke8 43. Kd5 Ke7 44. Bd3 Kf6 45. Ke4 Kg5 46. Bf1 Bg1 47. Kd3 f5 48. Kd2 Kh4 49. Ke1 Kg3 50. Ke2 h5 51. Ke1 g5 52. Ke2 g4 53. hxg4 fxg4 54. fxg4 hxg4 55. Ke1 Kh4 56. Be2 Kg5 57. Kf1 Ba7 58. Bd1 Kf5 59. Be2 g3 60. Bf3 Ke5 61. Ke2 Kd4 1/2-1/2